| 000 | 00393nam a2200133Ia 4500 | ||
|---|---|---|---|
| 005 | 20251222141812.0 | ||
| 008 | 251222s9999||||xx |||||||||||||| ||spa|| | ||
| 020 | _a978-9972-234-45-3 | ||
| 082 | _a657.42/C516 | ||
| 100 | _aChambergo Guillermo, Isidro | ||
| 245 | 0 | _aAnálisis de Costos y Presupuestos en el Planeamiento Estratégico Gerencial | |
| 264 | _bInstituto El Pacífico | ||
| 942 | _cLIB | ||
| 999 |
_c6500 _d6500 |
||